The future of leadership : (Record no. 3481)
[ view plain ]
| 000 -LEADER | |
|---|---|
| fixed length control field | nam a22 a 4500 |
| 003 - CONTROL NUMBER IDENTIFIER | |
| control field | AKMAL |
| 005 - DATE AND TIME OF LATEST TRANSACTION | |
| control field | 20170523093008.0 |
| 008 - FIXED-LENGTH DATA ELEMENTS--GENERAL INFORMATION | |
| fixed length control field | 170523s2001 cau 00 eng d |
| 020 ## - INTERNATIONAL STANDARD BOOK NUMBER | |
| International Standard Book Number | 0787955671 (pbk.): |
| Terms of availability | RM108.34 |
| 040 ## - CATALOGING SOURCE | |
| Original cataloging agency | AKMAL |
| 082 04 - DEWEY DECIMAL CLASSIFICATION NUMBER | |
| Classification number | 658.4092 FUT |
| Edition number | 21 |
| 090 20 - LOCALLY ASSIGNED LC-TYPE CALL NUMBER (OCLC); LOCAL CALL NUMBER (RLIN) | |
| Classification number (OCLC) (R) ; Classification number, CALL (RLIN) (NR) | 658.4092 |
| Local cutter number (OCLC) ; Book number/undivided call number, CALL (RLIN) | FUT |
| 100 1# - MAIN ENTRY--PERSONAL NAME | |
| Personal name | Bennis, Warren G. |
| 9 (RLIN) | 6279 |
| 245 14 - TITLE STATEMENT | |
| Title | The future of leadership : |
| Remainder of title | today's top leadership thinkers speak to tomorrow's leaders / |
| Statement of responsibility, etc. | [by] Warren Bennis, Gretchen M. Spreitzer, [and] Thomas G. Cummings |
| 260 ## - PUBLICATION, DISTRIBUTION, ETC. | |
| Place of publication, distribution, etc. | San Francisco : |
| Name of publisher, distributor, etc. | Jossey-Bass, |
| Date of publication, distribution, etc. | 2001 |
| 300 00 - PHYSICAL DESCRIPTION | |
| Extent | xvi, 316p. ; |
| Dimensions | 24cm |
| 500 ## - GENERAL NOTE | |
| General note | Includes bibliographical references and index |
| 650 #0 - SUBJECT ADDED ENTRY--TOPICAL TERM | |
| Topical term or geographic name entry element | Leadership |
| 9 (RLIN) | 120 |
| 650 #0 - SUBJECT ADDED ENTRY--TOPICAL TERM | |
| Topical term or geographic name entry element | Organizational effectiveness |
| 9 (RLIN) | 566 |
| 650 #0 - SUBJECT ADDED ENTRY--TOPICAL TERM | |
| Topical term or geographic name entry element | Organizational change |
| 9 (RLIN) | 567 |
| 650 #0 - SUBJECT ADDED ENTRY--TOPICAL TERM | |
| Topical term or geographic name entry element | Management |
| 9 (RLIN) | 1462 |
| 700 1# - ADDED ENTRY--PERSONAL NAME | |
| Personal name | Spreitzer, Gretchen M. |
| 9 (RLIN) | 6983 |
| 700 1# - ADDED ENTRY--PERSONAL NAME | |
| Personal name | Cummings, Thomas G. |
| 9 (RLIN) | 6984 |
| 942 ## - ADDED ENTRY ELEMENTS (KOHA) | |
| Source of classification or shelving scheme | |
| Koha item type | Book |
| Withdrawn status | Lost status | Source of classification or shelving scheme | Damaged status | Not for loan | Collection code | Home library | Current library | Shelving location | Date acquired | Inventory number | Total Checkouts | Full call number | Barcode | Date last seen | Price effective from | Koha item type |
|---|---|---|---|---|---|---|---|---|---|---|---|---|---|---|---|---|
| NON-FICTION | AKMAL Melaka | AKMAL Melaka | PINJAMAN | 23.05.2017 | 602167 | 658.4092 FUT | 201704466 | 23.05.2017 | 23.05.2017 | Book |
